00481cam a2200169ua 45000010005000000080039000050400009000440820011000531000033000642450069000972500009001662600038001753000017002136530014002306530047002447000020002912068110804n ii |||gr||||Z||||||eng cMAIN a370.54 aBhatnagar, Suresh ,eAuthor.1 aDevelopment of educational system in india cby Suresh Bhatnagar a1st. aMeerut:bR Lal book Depot,c2008. a764p:c25cm. aEducation aDevelopment of educational system in india aMullick, Madhu,